Ecuaciones diferenciales aplicadas / (Record no. 145487)

MARC details
000 -LEADER
campo de control de longitud fija 00523nam a2200157 4500
001 - NÚMERO DE CONTROL
campo de control 145487
003 - IDENTIFICADOR DE NÚMERO DE CONTROL
campo de control ES-MaACL
007 - CAMPO FIJO DE DESCRIPCIÓN FÍSICA--INFORMACIÓN GENERAL
campo de control de longitud fija t|
008 - DATOS DE LONGITUD FIJA--INFORMACIÓN GENERAL
campo de control de longitud fija 070214s1983 xxu r ||||1| spa d
100 1# - ENTRADA PRINCIPAL--NOMBRE DE PERSONA
Nombre de persona Spiegel, Murray R.
9 (RLIN) 107717
245 10 - MENCIÓN DEL TÍTULO
Título Ecuaciones diferenciales aplicadas /
Mención de responsabilidad, etc. Murray R. Spiegel ; traducción de Henry Rivera García.
260 ## - PUBLICACIÓN, DISTRIBUCIÓN, ETC.
Lugar de publicación, distribución, etc. Englewood Cliffs (USA) :
Nombre del editor, distribuidor, etc. Prentice Hall,
Fecha de publicación, distribución, etc. 1983.
300 ## - DESCRIPCIÓN FÍSICA
Extensión XIX, 668 p. :
Otras características físicas il. ;
Dimensiones 24 cm.
700 1# - ENTRADA AGREGADA--NOMBRE PERSONAL
Nombre de persona Rivera García, Henry.
9 (RLIN) 97652
852 ## - LOCALIZACIÓN
Ubicación ES-MaACL
Número de control de estantería L-5842
Sublocalización o colección R.106276
Holdings
Estatus retirado Estado de pérdida Estado de daño No para préstamo Biblioteca de origen Biblioteca actual Ubicación en estantería Fecha de adquisición Fuente de adquisición Total de préstamos Signatura topográfica completa Código de barras Visto por última vez Precio de reemplazo Tipo de ítem Koha
        Biblioteca del Ateneo de Madrid Biblioteca del Ateneo de Madrid Depósito 2 17/01/2008     L-5842 1151863 23/02/2023 23/02/2023 Libro impreso